Die Legionen der Provinz Moesia (Запис номер 343501)
[ съкратено ]
| 000 -Лидер | |
|---|---|
| Контролно поле с фиксирана дължина | 04879nam a2200421 c 4500 |
| 003 - Код на организацията, давaща контролен номер | |
| Контролно поле | BLK |
| 005 - Дата и час на последна редакция | |
| Контролно поле | 20250220124013.0 |
| 008 - Елементи от данни с фиксирана дължина | |
| fixed length control field | 180911b bul|||||r ||||||| ||bul|| |
| 010 ## - Наследен системен номер | |
| LC control number | 003162 |
| 040 ## - Източник на каталожния запис | |
| Идентификатор на билиотеката - собственик на записа | BLK |
| 041 ## - Код за език | |
| Код за езика на текст/звукозапис или на отделно заглавие | Немски |
| Код за езика КДБФ | Български |
| 080 ## - УДК | |
| УДК - код + определител | 936 |
| 100 1# - Редна дума - Автор | |
| Автор | Filov, Bogdan |
| R(LIN) | 397193 |
| 245 00 - Сведения за заглавието | |
| Заглавие | Die Legionen der Provinz Moesia |
| Редно поле (дума) | Bogdan Filov |
| 246 ## - Различни форми на заглавието | |
| Паралелно заглавие | Von Augustus bis auf Diokletian |
| 260 ## - Област на издателските данни | |
| Място на издаване, разпространение и проч. | Leipzig |
| Име на издателя, разпространителя и проч. | Dieterichische Verlagsbuchhandlung |
| Година на издаване | 1906 |
| 300 ## - Физическа характеристика | |
| Страници | 96 с., 1 л |
| Илюстрации и др. | к. |
| Размери/Мащаб | 29 см |
| 380 ## - Жанр | |
| Жанр | История |
| 490 ## - СЕРИИ (Колекции) | |
| Име на серия | Klio |
| 490 ## - СЕРИИ (Колекции) | |
| Име на серия | Beitrage zur alten Geschichte |
| 490 ## - СЕРИИ (Колекции) | |
| Име на серия | Частна колекция - Академик Михаил Арнаудов |
| Бележки за серията | Дарение - Основен фонд |
| 500 ## - Общи забележки | |
| Забележка | Автограф с текст: На Г-на М. Арнаудов за спомен на лайпцигските дни, от автора. |
| 655 ## - Ключова дума – жанр/разновидност | |
| Данни за жанр/разновидност или ключова дума за фокус | история |
| 700 1# - Други автори (авторска отговорност) | |
| Лично име | Bogdan Filow |
| 9 (RLIN) | 397259 |
| 762 ## - Описание на подсерията (дигитална колекция) | |
| 9 (RLIN) | 409507 |
| Номер на изображение | 1 |
| Описание на изображение | Текст: На Г-на М. Арнаудов за спомен на лайпцигските дни, от автора. |
| Название на изображение | Автограф от Богдан Филов |
| Име на дигиталната колекция | Послания на времето |
| Резюме на колекция | Акад. Михаил Арнаудов - послания и дарствени слова |
| Описание на колекция | Академик Михаил Арнаудов е личност със значимо присъствие в българската култура и принос в областта на науката, литературата, фолклора, историята на българското Възраждане, социологията, философията и народопсихологията. Цялото документално и библиотечно наследство на родения в Русе виден учен е национално богатство от изключително значение. Единствено Регионална библиотека „Любен Каравелов“ – Русе притежава колекция от над 1500 книги от личната библиотека на Михаил Арнаудов с автографи, послания и дарствени надписи от български и чужди знакови личности. Зад всеки автограф се крие историята на взаимоотношенията между Академика и неговите съвременници. Тези автографи са неизвестни и неизследвани страници от българското културно наследство. |
| 763 1# - Описание на подсерията (дигитални колекции - автор) | |
| Връзки | 134147 |
| Автор към изображението | Филов, Богдан |
| Дати, свързани с автора | 10.04.1883 – 02.02.1945 |
| Друга информация | Богдан Филов е виден български археолог, историк на изкуството и политик. Следва класическа филология във Вюрцбург и Лайпциг, както и археология и римска история във Фрайбург (Германия). Работи в Народния археологически музей в София. Специализира археология, музейно дело и нумизматика в Бон, Париж и Рим. Поставя началото на методични археологически разкопки в България. Богдан Филов е първият българин директор на Народния археологически музей. Професор по археология и история на изкуството в Софийския университет, декан на Историко-филологическия факултет. Избран е за председател на Българската академия на науките. За своите научни приноси Богдан Филов е избран за почетен, действителен и дописен член на множество институти, академии и др., както и за доктор хонорис кауза на няколко университета. Той е министър-председател на България в 57-то и 58-то правителство (1940 – 1943) и регент на малолетния цар Симеон II (1943 – 1944). Осъден е на смърт от Народния съд и екзекутиран на 2 февруари 1945 г. |
| Номера от таг 762 подп. 9 | 409507 |
| Номер на изображение | 1 |
| Пълно име на автора | Богдан Филов |
| 852 ## - Местоположение | |
| Форматна сигнатура | МА 635 |
| Фондова буква | Фонд "Михаил Арнаудов" |
| 999 ## - СИСТЕМНИ КОНТРОЛНИ НОМЕРА | |
| Koha biblionumber | 343501 |
| Koha biblioitemnumber | 343501 |
| 942 ## - АРТИКУЛИ | |
| Вид на библиотечния материал | Книги |
| Скрит в OPAC | Не |
| Периодичен библиозапис | Да |
| Koha issues (borrowed), all copies | 1 |
| 944 ## - СЪЗДАВАНЕ И РЕДАКЦИЯ на ЗАПИСА | |
| Създаване/Редакция | Създаване |
| Дата на регистрацията/редакция | 1995 |
| Служител, извършил регистрацията/редакцията | 30546 |
| Статус, дата на статуса | Ренета Константинова |
| 999 ## - СИСТЕМНИ КОНТРОЛНИ НОМЕРА | |
| Koha biblioitemnumber | 343501 |
| 999 ## - СИСТЕМНИ КОНТРОЛНИ НОМЕРА | |
| Koha biblioitemnumber | 343501 |
| 999 ## - СИСТЕМНИ КОНТРОЛНИ НОМЕРА | |
| Koha biblioitemnumber | 343501 |
| 999 ## - СИСТЕМНИ КОНТРОЛНИ НОМЕРА | |
| Koha biblioitemnumber | 343501 |
| 999 ## - СИСТЕМНИ КОНТРОЛНИ НОМЕРА | |
| Koha biblioitemnumber | 343501 |
| 999 ## - СИСТЕМНИ КОНТРОЛНИ НОМЕРА | |
| Koha biblioitemnumber | 343501 |
| 999 ## - СИСТЕМНИ КОНТРОЛНИ НОМЕРА | |
| Koha biblioitemnumber | 343501 |
| 999 ## - СИСТЕМНИ КОНТРОЛНИ НОМЕРА | |
| Koha biblioitemnumber | 343501 |
| Код за отписване | Код за изгубен артикул | Източник на класификационната схема | Код за повреда | Коз за рестрикции | Код за отдаване | Артикулен № | Име на библиотеката - собственик | Име на библиотеката, в която се намира в момента | Статус (Текущо местоположение) | Дата на вписване в системата | Местоположение - отдел | Цена в лева | Номерация (Хронология) | Инвентарен номер | Систематично азбучна сигнатура | Баркод | Номер на екземпляра | Цена в евро | Служебен тип на артикула | Бележка за публиката |
|---|---|---|---|---|---|---|---|---|---|---|---|---|---|---|---|---|---|---|---|---|
| Не е изгубен | Universal Decimal Classification | Не е повреден | само за читалня | Специални фондове ( старопечатни, редки и ценни, фонд М. Арнаудов) | 743696 | Регионална библиотека "Любен Каравелов" Русе | Регионална библиотека "Любен Каравелов" Русе | Фонд "Михаил Арнаудов" | 2025-02-20 | Фонд "Михаил Арнаудов" | 10.00 | Автограф: Богдан Филов | 587516 | МА 635 | 120000587516 | 1 | 5.11 | Книги |